Logo CIB grande

DISEÑOS EXPERIMENTALES : CON APLICACION A LA AGRICULTURA Y LA GANADERIA (Registro nro. 222799)

Detalles MARC
000 -LEADER
campo de control de longitud fija 00946nam a2200253Ia 4500
005 - FECHA Y HORA DE LA ÚLTIMA TRANSACCIÓN
campo de control 20250425162125.0
008 - DATOS DE LONGITUD FIJA--INFORMACIÓN GENERAL
campo de control de longitud fija 250425s9999 xx 000 0 und d
020 ## - NÚMERO INTERNACIONAL ESTÁNDAR DEL LIBRO
Número Internacional Estándar del Libro 9682451949
041 ## - CÓDIGO DE IDIOMA
Código de lengua del texto/banda sonora o título independiente spa
082 ## - NÚMERO DE LA CLASIFICACIÓN DECIMAL DEWEY
Número de clasificación 630.20112
010 ## - NÚMERO DE CONTROL DE LA BIBLIOTECA DEL CONGRESO
Número de control de LC 51326
100 ## - ENTRADA PRINCIPAL--NOMBRE DE PERSONA
Nombre de persona PADRON CORRAL, EMILIO
245 #0 - MENCIÓN DEL TÍTULO
Título DISEÑOS EXPERIMENTALES : CON APLICACION A LA AGRICULTURA Y LA GANADERIA
250 ## - MENCION DE EDICION
Mención de edición 1A ED.
260 ## - PUBLICACIÓN, DISTRIBUCIÓN, ETC.
Lugar de publicación, distribución, etc. MEXICO
260 ## - PUBLICACIÓN, DISTRIBUCIÓN, ETC.
Lugar de publicación, distribución, etc. México
Nombre del editor, distribuidor, etc. TRILLAS
Fecha de publicación, distribución, etc. 1996
300 ## - DESCRIPCIÓN FÍSICA
Extensión 215
500 ## - NOTA GENERAL
Nota general EN CIBGZ-FIMCP 50098/99 C.1-2, 50220 C3, PARA ING. ALIMENTOS Y AGROP.
520 ## - RESUMEN, ETC.
Sumario, etc. EL DESARROLLO AGRICOLA DE UN PAIS SE BASA EN LAS INVESTIGACIONES QUE SE REALIZAN EN ESE CAMPO,VALIENDOSE DE LA EXPERIMENTACION. CUALQUIER MODALIDAD EN LAS TECNICAS DE CULTIVO, AL INTRODUCIRSE POR PRIMERA VEZ A UNA REGION, NECESITA DE LA EXPERIMENTACION PA
650 ## - PUNTO DE ACCESO ADICIONAL DE MATERIA--TÉRMINO DE MATERIA
Término de materia o nombre geográfico como elemento de entrada AGRICULTURA
650 ## - PUNTO DE ACCESO ADICIONAL DE MATERIA--TÉRMINO DE MATERIA
Término de materia o nombre geográfico como elemento de entrada DISEÑO EXPERIMENTAL
650 ## - PUNTO DE ACCESO ADICIONAL DE MATERIA--TÉRMINO DE MATERIA
Término de materia o nombre geográfico como elemento de entrada METODOS ESTADISTICOS
942 ## - ELEMENTOS DE ENTRADA SECUNDARIOS (KOHA)
Tipo de ítem Koha Libros
Existencias
Estatus retirado Estado de pérdida Estado de daño No para préstamo Biblioteca de origen Biblioteca actual Fecha de adquisición Coste, precio normal de compra Total de préstamos Código de barras Copia número
        FACULTAD DE INGENIERIA MECANICA Y CIENCIAS DE LA PRODUCCION FACULTAD DE INGENIERIA MECANICA Y CIENCIAS DE LA PRODUCCION 26/11/2003 15.00   50098 1
        FACULTAD DE INGENIERIA MECANICA Y CIENCIAS DE LA PRODUCCION FACULTAD DE INGENIERIA MECANICA Y CIENCIAS DE LA PRODUCCION 04/03/2004 15.00   50099 2
        FACULTAD DE INGENIERIA MECANICA Y CIENCIAS DE LA PRODUCCION FACULTAD DE INGENIERIA MECANICA Y CIENCIAS DE LA PRODUCCION 09/01/2004 31.00   50220 3

Copyright 2025 ESPOL. Todos los derechos reservados.